00570nam a2200181 a 45000010010000000030011000100080041000210350026000620820015000881000018001032450065001212600053001866500011002399420012002509520091002629980020003539990015003730000-8887ELIB.Books110520 2008  a(ELIB.Books)0000-9035 aB.Th bKya aKyaw Soe, Saw aToday, the Work of the Holy Spirit in Relation to the Christ bInsein: Karen Baptist Theolgical Seminary c2008 aThesis 2ddccBK 00102ddc4070aKBTSbKBTSd2011-05-20l0p30327r2022-01-22 00:00:00w2022-01-22yBK cbate2011-05-20 c8887d8887